header

An African exploration of the East Asian education experience (Record no. 40144)

MARC details
000 -LEADER
fixed length control field 01997nam a2200385 a 4500
082 04 - DEWEY DECIMAL CLASSIFICATION NUMBER
Classification number 370.95
245 03 - TITLE STATEMENT
Title An African exploration of the East Asian education experience
260 ## - PUBLICATION, DISTRIBUTION, ETC. (IMPRINT)
Place of publication Washington, D.C. :
Name of publisher World Bank,
Year of publication c2008.
300 ## - PHYSICAL DESCRIPTION
Number of Pages xx, 374 p. :
Other physical details ill.
490 1# - SERIES STATEMENT
Series statement Development practice in education
505 0# - FORMATTED CONTENTS NOTE
Formatted contents note East Asia education study tour : an overview of key insights -- Education in Africa: knowledge makes the difference -- Education in Singapore: developments since 1965 -- Education in Vietnam : development history, challenges and solutions -- Education in the Republic of Korea : approaches, achievement and current challenges -- Education in Thailand: improving secondary education -- Education in Ireland: evolution of economic and educational policies since the early 1990s.
650 #0 - SUBJECT ADDED ENTRY--TOPICAL TERM
Topical Term Education
Topical Term Education and state
700 1# - ADDED ENTRY--PERSONAL NAME
Personal name Fredriksen, Birger.
Personal name Tan, Jee-Peng,
856 40 - ELECTRONIC LOCATION AND ACCESS
Uniform Resource Identifier http://site.ebrary.com/lib/rucke/Doc?id=10231582

No items available.

© 2026 Rongo University
Contact us: librarian | system librarian | Rongo university